000 00766nam a2200241Ia 4500
003 OSt
005 20220927105429.0
006 a|||||r|||| 00| 0
007 ta
008 220926b |||||||| |||| 00| 0 eng d
024 _a173586
037 _cReference Collections
040 _aRTL
_cRTL
_beng
041 _2eng
_aeng
082 _a"XoaYb4,d,56.P0r, P/GD"
110 _aNATIONAL INSTITUTE OF ECONOMIC AND SOCIAL RESEARCH.
_9372426
245 0 _a58th Annual report.
260 _aLondon
_bNational Institute of Economic and Social Research.
_c2000
300 _a32p.
_ccm.
700 _aNATIONAL INSTITUTE OF ECONOMIC AND SOCIAL RESEARCH.
_9372427
942 _h"XoaYb4,d,56.P0r, P/GD"
_cCC
999 _c692490
_d692490